| 000 | 00577nam a22001937a 4500 | ||
|---|---|---|---|
| 999 |
_c6392 _d6392 |
||
| 003 | AR-CdUCM | ||
| 008 | 190315b ||||| |||| 00| 0 spa d | ||
| 040 |
_aMUNICIPALIDAD PROVINCIAL DEL CUSCO _cBIBLIOTECA MUNICIPAL DEL CUSCO |
||
| 082 |
_22ed. _a803.08 / _bD93 |
||
| 100 |
_aDostoievski, Fedor _910078 |
||
| 245 | _aCrimen y castigo / | ||
| 260 |
_aBuenos Aires : _bSopena, _c1944. |
||
| 300 |
_a318 páginas ; _c22.5 cm. |
||
| 650 |
_aNovelas rusas _92132 |
||
| 650 |
_aSiglo XIX _9971 |
||
| 700 |
_aPauli, Roberto (traductor) _918196 |
||
| 942 |
_2ddc _cLIBROS |
||
| 945 | _aafb | ||